| 000 | 00407nam a2200133Ia 4500 | ||
|---|---|---|---|
| 008 | 231221s9999 xx 000 0 und d | ||
| 041 | _aEnglish | ||
| 082 | _a643.2 GEN;1 R | ||
| 100 | _aGentry, Robert A Mandoki, Pedro Rush, Jack | ||
| 245 | 0 | _aResort Condominium and vacation ownership management: a hospitality perspective | |
| 260 |
_c1999 _bAH & LEI _aLansing MI |
||
| 300 | _ax+205 | ||
| 942 | _cHM | ||
| 999 |
_c208602 _d208602 |
||